NLSUI OPAC header image

Guide to the GATS : An overview of issues for further liberalization of trade in services (Record no. 28556)

MARC details
000 -LEADER
fixed length control field 00529nam a2200157Ia 4500
008 - FIXED-LENGTH DATA ELEMENTS--GENERAL INFORMATION
fixed length control field 160316s2000 xxu||||| |||| 00| 0 eng d
082 ## - DEWEY DECIMAL CLASSIFICATION NUMBER
Classification number 341.754300
Item number WTO
100 ## - MAIN ENTRY--PERSONAL NAME
Personal name WTO Secretariat
245 ## - TITLE STATEMENT
Title Guide to the GATS : An overview of issues for further liberalization of trade in services
250 ## - EDITION STATEMENT
Edition statement
260 ## - PUBLICATION, DISTRIBUTION, ETC.
Place of publication, distribution, etc. London
Name of publisher, distributor, etc. Kluwer Law International
Date of publication, distribution, etc. 2000
300 ## - PHYSICAL DESCRIPTION
Extent 704p
Other physical details
Dimensions xii
365 ## - TRADE PRICE
Price amount Rs. 16,460
650 ## - SUBJECT ADDED ENTRY--TOPICAL TERM
Topical term or geographic name entry element 1. International Trade<br/>2. General Agreement<br/>3. Service Industries - Government Policy
700 ## - ADDED ENTRY--PERSONAL NAME
Personal name
--
Holdings
Withdrawn status Lost status Source of classification or shelving scheme Damaged status Not for loan Home library Current library Shelving location Date acquired Cost, normal purchase price Total Checkouts Full call number Barcode Date last seen Date last checked out Price effective from Koha item type
    Dewey Decimal Classification     . .   30.05.2017 16460.00 1 341.7543 WTO 25979 14.09.2021 23.11.2020 30.05.2017 BOOKs